| 000 | 00431nam a2200157 a 4500 | ||
|---|---|---|---|
| 005 | 20140412111327.0 | ||
| 008 | 110128s19uu xx 00 eng d | ||
| 020 | _a0-8039-6354-8 | ||
| 050 |
_aTR(GS 363.11'371 _bT78 1997 |
||
| 100 | _aTrump, Kenneth | ||
| 245 |
_aPractical School Security / _cKeneth S. Kenneth. |
||
| 260 |
_aCA : _bSage pub, _c1997. |
||
| 300 | _a108p. | ||
| 650 | _aSchool security measures | ||
| 999 |
_c104683 _d104683 |
||